Genetic resources of Cucurbitaceae : a global report /

Bibliographic Details
Main Author: Esquinas-Alcazar, J. T. (José T.)
Corporate Author: International Board for Plant Genetic Resources
Other Authors: Gulick, P. J. (Patrick James)
Format: Book
Language:English
Published: Rome, Italy : IBPGR Secretariat, 1983.
Subjects:

MARC

Tag First Indicator Second Indicator Subfields
LEADER 00000cam a2200000 a 4500
001 in00000972720
005 20150927111214.0
008 880316s1983 it a b i00010 eng d
035 |a (OCoLC)17633700 
035 |9 AEW0742AM 
040 |a AGL  |c AGL  |d CRU  |d UtOrBLW 
049 |a TXAM 
090 |a SB351.C8  |b E77 1983 
100 1 |a Esquinas-Alcazar, J. T.  |q (José T.) 
245 1 0 |a Genetic resources of Cucurbitaceae :  |b a global report /  |c by J.T. Esquinas-Alcazar and P.J. Gulick. 
264 1 |a Rome, Italy :  |b IBPGR Secretariat,  |c 1983. 
300 |a v, 101 pages :  |b illustrations ;  |c 30 cm. 
336 |a text  |b txt  |2 rdacontent 
337 |a unmediated  |b n  |2 rdamedia 
338 |a volume  |b nc  |2 rdacarrier 
500 |a "AGPG:IBPGR/82/48." 
500 |a "December 1983." 
504 |a Bibliography: pages 36-39. 
650 0 |a Cucurbitaceae  |x Genetics. 
650 0 |a Cucurbitaceae  |x Germplasm resources. 
710 2 |a International Board for Plant Genetic Resources. 
700 1 |a Gulick, P. J.  |q (Patrick James) 
999 |a MARS 
999 f f |s 7740b401-f669-351b-9359-63da8bda3370  |i 9449638a-1809-3baf-a1db-ba6c3e0cee39  |t 0 
952 f f |p ric  |a Texas A&M University  |b Rellis Campus  |c Joint Library Facility  |d Remote Storage  |t 0  |e SB351.C8 E77 1983  |h Library of Congress classification  |i unmediated -- volume  |m A14810203885 
998 f f |a SB351.C8 E77 1983  |t 0  |l Remote Storage